|
|
|
|
| LEADER |
00000nam a2200000 i 4500 |
| 001 |
1/5639 |
| 008 |
000607s1998 eng d |
| 020 |
|
|
|a 0471159964
|
| 035 |
|
|
|l 10061656
|
| 040 |
|
|
|a GR-MY-UA
|b gre
|e aacr
|
| 041 |
0 |
|
|a eng
|
| 082 |
0 |
|
|a 515
|
| 100 |
1 |
|
|a Reed, Michael
|d 1942-
|
| 245 |
1 |
0 |
|a Fundamental ideas of analysis /
|c Michael C. Reed
|
| 260 |
|
|
|a New York :
|b Wiley,
|c c1998
|
| 300 |
|
|
|a 413 p.;
|b ill.;
|c 26 cm.
|
| 504 |
|
|
|a Includes bibliographical references and index
|
| 650 |
0 |
0 |
|a Mathematical analysis.
|
| 852 |
|
|
|a INST
|b SAMOS
|e 20000607
|h 515 REE
|p 005300019682
|q 005300019682
|t BK
|y 0
|
| 901 |
|
|
|a BIBL3-2000-2
|
| 909 |
|
|
|a Σ
|b 078079
|
| 922 |
|
|
|a 3ΕΛΗ
|b 200005
|c ΒΙΒΛΙΟΘΗΚΗ
|d ΠΑΠΑΣΩΤΗΡΙΟΥ
|
| 950 |
|
|
|a 127-1999-12-03
|
| 970 |
|
|
|a ΠΟΥΡΝΑΡΑΣ
|b ΔΗΜΗΤΡΗΣ
|z 2000/06/14
|